<?xml version="1.0" encoding="UTF-8"?>
<collection xmlns="http://www.loc.gov/MARC21/slim">
 <record>
  <leader>00639cam a2200169 7i4500</leader>
  <controlfield tag="001">0000058184</controlfield>
  <controlfield tag="005">20080217090000.0</controlfield>
  <controlfield tag="008">080217s2006    my                  may&amp;eng   </controlfield>
  <datafield tag="020" ind1="#" ind2="#">
   <subfield code="a">9789679755091 </subfield>
  </datafield>
  <datafield tag="020" ind1="#" ind2="#">
   <subfield code="a">9679755096 </subfield>
  </datafield>
  <datafield tag="090" ind1="0" ind2="0">
   <subfield code="a">PJ 6636 </subfield>
   <subfield code="b">.A2 2006</subfield>
  </datafield>
  <datafield tag="100" ind1="1" ind2="#">
   <subfield code="a">Abu Abdullah Haji Hanafi Haji Dollah </subfield>
  </datafield>
  <datafield tag="245" ind1="0" ind2="0">
   <subfield code="a">Kamus al-khalil : </subfield>
   <subfield code="b">kamus kontekstual lengkap al-Khalil Bahasa Arab- Bahasa Melayu  </subfield>
   <subfield code="c">Abu Abdullah Hj Hanafi bin Hj Dollah.</subfield>
  </datafield>
  <datafield tag="260" ind1="#" ind2="#">
   <subfield code="a">Kuala Lumpur: </subfield>
   <subfield code="b">Prospecta Printers, </subfield>
   <subfield code="c">2006.</subfield>
  </datafield>
  <datafield tag="300" ind1="#" ind2="#">
   <subfield code="a">728 p.; </subfield>
   <subfield code="c">25 cm..</subfield>
  </datafield>
  <datafield tag="650" ind1="0" ind2="0">
   <subfield code="a">Arabic language -- </subfield>
   <subfield code="x">Dictionaries -- </subfield>
   <subfield code="x">Malay </subfield>
  </datafield>
  <datafield tag="999" ind1=" " ind2=" ">
   <subfield code="a">1100051955</subfield>
   <subfield code="b">Book</subfield>
   <subfield code="c">Rujukan</subfield>
   <subfield code="e">KOLEKSI RUJUKAN</subfield>
  </datafield>
 </record>
</collection>
